Storia Dell'astrologia Vol.2

Guardat en:
Dades bibliogràfiques
Autor principal: Dora D'alo
Format: Llibre
Idioma:idioma desconegut
Publicat: Fiore D'oro
Etiquetes: Afegir etiqueta
Sense etiquetes, Sigues el primer a etiquetar aquest registre!

MARC

LEADER 00000nam a2200000Ia 4500
001 R-1522
003 CODICE-MESSINA
005 20260212102508.0
008 260211s9999 xx 000 0 und d
040 |c importazione_messina 
100 |a Dora D'alo 
245 0 |a Storia Dell'astrologia  
245 0 |b Vol.2 
260 |b Fiore D'oro 
942 |2 ddc  |c BK 
952 |0 0  |1 0  |2 ddc  |4 0  |6 SCAFFALE_14_000000000000000__ARTE  |7 0  |9 32360  |a ME  |b ME  |d 2026-02-11  |l 0  |o SCAFFALE 14 - ARTE  |p R-1522  |r 2026-02-11 23:53:08  |w 2026-02-11  |x [REVISIONARE]  |y BK 
999 |c 28027  |d 28027